TOP 10 - Beste Deutsche Meister (nach Siegen) - Statistiken

Allgemein
  • Dieses Quiz wurde 64 mal gespielt
    26 seit der letzten Aktualisierung
  • Das Durchschnittsergebnis liegt bei 9 aus 10
Antwortstatistiken
Rang Verein Saison Siege % Korrekt
1 FC Bayern München 2012/13 29
100%
2 FC Bayern München 2013/14 29
96%
3 FC Bayern München 2015/16 28
92%
4 Bayer 04 Leverkusen 2023/24 28
92%
7 Borussia Dortmund 2011/12 25
88%
6 FC Bayern München 2019/20 26
88%
5 FC Bayern München 2017/18 27
88%
8 FC Bayern München 2014/15 25
84%
9 FC Bayern München 2016/17 25
84%
10 FC Bayern München mehrere** 24
80%
Keine übereinstimmenden Quizze gefunden
Verteilung der Resultate
Anzahl Personen mit jedem Resultat
Perzentil nach korrekt beantworteten Fragen
Ihre Resultats-Entwicklung
Sie haben dieses Quiz seit der letzten Aktualisierung nicht gespielt